| Tag |
First Indicator |
Second Indicator |
Subfields |
| LEADER |
00000cam a2200000 4500 |
| 001 |
in00000065545 |
| 005 |
20151007083442.0 |
| 008 |
781101s1932 enk 00010 engm |
| 010 |
|
|
|a 33010145
|
| 035 |
|
|
|a (OCoLC)04338167
|
| 035 |
|
|
|9 AAF9386AM
|
| 040 |
|
|
|a DLC
|c FDA
|d FDA
|d TXA
|d UtOrBLW
|
| 049 |
|
|
|a TXAM
|c [78101]
|
| 050 |
|
0 |
|a HG221
|b .A45
|
| 082 |
0 |
|
|a 332.40942
|
| 092 |
|
|
|a 332.40942
|b A464f
|
| 100 |
1 |
|
|a Alston, Leonard,
|d 1875-1953.
|
| 245 |
1 |
4 |
|a The functions of money /
|c by Leonard Alston.
|
| 264 |
|
1 |
|a London :
|b Macmillan & co., limited,
|c 1932.
|
| 300 |
|
|
|a vii, 139 pages ;
|c 23 cm.
|
| 336 |
|
|
|a text
|b txt
|2 rdacontent
|
| 337 |
|
|
|a unmediated
|b n
|2 rdamedia
|
| 338 |
|
|
|a volume
|b nc
|2 rdacarrier
|
| 650 |
|
0 |
|a Money.
|
| 650 |
|
0 |
|a Currency question
|z Great Britain.
|
| 650 |
|
0 |
|a Capital.
|
| 999 |
|
|
|a MARS
|
| 999 |
f |
f |
|s b910544b-6dbb-3382-a331-8770e6126999
|i ae534883-0ae4-3c55-a685-96eb25aaad2e
|t 0
|
| 952 |
f |
f |
|p ric
|a Texas A&M University
|b Rellis Campus
|c Joint Library Facility
|d Remote Storage
|t 0
|e HG221 .A45
|h Library of Congress classification
|i unmediated -- volume
|m A14800733105
|
| 998 |
f |
f |
|a HG221 .A45
|t 0
|l Remote Storage
|